| 000 | 01486nam a2200421 i 4500 | ||
|---|---|---|---|
| 001 | 25608 | ||
| 003 | KOSZ 005 | ||
| 005 | 20200417142943.0 | ||
| 008 | 071105s1968 pl a f 001 0 pol | ||
| 015 | _aPB 1968/9700 | ||
| 040 |
_aWA N _cWA N _dKOSZ 005/RW |
||
| 046 | _k1968 | ||
| 080 | _a69(438) | ||
| 080 | _a351.82(438) | ||
| 100 | 1 |
_aWaluk, Antoni. _eAutor |
|
| 245 | 1 | 0 |
_aMiejscowe planowanie przestrzenne : _bteksty i komentarze : wg stanu prawnego na dzień 15 IV 1968 r./ _cAntoni Waluk, Jerzy Wojciechowski. |
| 250 | _aWydanie 2. | ||
| 260 |
_aWarszawa : _bCentralny Ośrodek Informacji Budownictwa, _c1971. |
||
| 300 |
_a304 strony : _bilustracje _c24 cm. |
||
| 336 |
_aTekst _btxt _2rdacontent |
||
| 337 |
_aBez urządzenia pośredniczącego _bn _2rdamedia |
||
| 338 |
_aWolumin _bn _2rdacarrier |
||
| 380 | _aKsiążki | ||
| 380 | _aPublikacje fachowe | ||
| 388 | _a1901-2000 | ||
| 490 | 1 |
_aZbiór przepisów budownictwa _vt. 12. |
|
| 504 | _aIndeks. | ||
| 658 | _aArchitektura i budownictwo | ||
| 658 | _aPrawo i wymiar sprawiedliwości | ||
| 650 | 4 | _aBudownictwo | |
| 651 | 4 | _aPolska | |
| 650 | 4 | _aPrawo | |
| 700 | 1 |
_aWojciechowski, Jerzy. _eAutor |
|
| 710 | 2 |
_aCentralny Ośrodek Informacji Budownictwa _4pbl. |
|
| 830 | 0 |
_aZbiór przepisów budownictwa _vt. 12. |
|
| 856 |
_uhttp://koha.tu.koszalin.pl/cgi-bin/koha/opac-detail.pl?biblionumber=25608 _yKatalog online BPK |
||
| 942 |
_2UKD _cKS |
||
| 999 |
_c25608 _d25608 |
||